| 000 | 00386nam a2200133Ia 4500 | ||
|---|---|---|---|
| 008 | 221224s9999||||xx |||||||||||||| ||und|| | ||
| 082 |
_a242 _bVID/V |
||
| 100 | _aVidyaratna, Taraprasanna | ||
| 245 | 0 | _aVidhana Parijata of Srimad Ananta Bhatta: A System of Hindu Law. Vol: 2nd | |
| 250 | _a1st Edition | ||
| 260 |
_aVaranasi _bKrishnadas Academy&c1992 |
||
| 300 | _a940 | ||
| 942 | _cVB | ||
| 999 |
_c40329 _d40329 |
||